000 01085nam a22002537a 4500
003 OSt
005 20250910090249.0
008 240226b ||||| |||| 00| 0 eng d
040 _c0
082 _aDPer 621.317 Ie21 June 2022 v. 37 n. 6
100 _aWu, Zebing.
_eauthor.
_953309
245 _aDynamic dv/dt control strategy of SiC MOSFET for switching loss reduction in the operational power range /
_cZebing Wu, Huaping Jiang, Zhenhong Zheng, Xiaowei Qi, Hua Mao, Li Liu, and Li Ran.
260 _aNew York ;
_bThe Institute of Electrical and Electronics Engineers, Inc. ,
_cJune 2022.
300 _aVolume 37, pages 6237-6241 :
_billustration ;
_c29 cm.
500 _aIEEE Transactions on Power Electronics, vol. 37, no. 6, pages 6237-6241, June 2022.
700 _aWu, Zebing.
_eauthor.
_953309
700 _aJiang, Huaping.
_eauthor.
_953310
700 _aZheng, Zhenhong.
_eauthor.
_953311
700 _aQi, Xiaowei.
_eauthor.
_953312
700 _aMao, Hua.
_eauthor.
_953313
700 _aLiu, Li.
_eauthor.
_953314
700 _aRan, Li.
_eauthor.
_953315
942 _2ddc
_cPER
999 _c19351
_d19351